The two black dogs

Bibliographic Details
Format: Book

MARC

LEADER 00000cam a2200000 7i4500
001 0000009660
002 000010524
005 20000330.0
020 |a 1859640001 
090 0 0 |a JF   |b TWO 
245 1 0 |a The two black dogs 
999 |a 048498   |b BUKU   |c PINJAMAN   |e PERPUSTAKAAN KOMUNITI PETALING JAYA